Digital Signal Processing (Record no. 3896)
[ view plain ]
| 000 -LEADER | |
|---|---|
| fixed length control field | 00317nam a2200133Ia 4500 |
| 008 - FIXED-LENGTH DATA ELEMENTS--GENERAL INFORMATION | |
| fixed length control field | 191201s2008 xx 000 0 und d |
| 082 ## - DEWEY DECIMAL CLASSIFICATION NUMBER | |
| Classification number | 621.3192 |
| Item number | MID |
| 100 ## - MAIN ENTRY--PERSONAL NAME | |
| Personal name | MITRA, Sanjit K |
| 245 #0 - TITLE STATEMENT | |
| Title | Digital Signal Processing |
| 260 ## - PUBLICATION, DISTRIBUTION, ETC. (IMPRINT) | |
| Place of publication, distribution, etc | N.Delhi |
| Name of publisher, distributor, etc | TMH |
| Date of publication, distribution, etc | 2008 |
| 300 ## - PHYSICAL DESCRIPTION | |
| Extent | 916 |
| 650 ## - SUBJECT ADDED ENTRY--TOPICAL TERM | |
| Topical term or geographic name as entry element | B.Tech(ECE) |
| 942 ## - ADDED ENTRY ELEMENTS (KOHA) | |
| Source of classification or shelving scheme | Dewey Decimal Classification |
| Koha item type | Text Books |
| Withdrawn status | Lost status | Source of classification or shelving scheme | Damaged status | Not for loan | Collection code | Home library | Current library | Date acquired | Source of acquisition | Cost, normal purchase price | Bill Number | Total Checkouts | Full call number | Acc. no. / Barcode | Date last seen | Bill Date | Koha item type | Date last borrowed |
|---|---|---|---|---|---|---|---|---|---|---|---|---|---|---|---|---|---|---|
| Dewey Decimal Classification | B.Tech(ECE) | PIET C-LIBRARY | PIET C-LIBRARY | 05/03/2009 | J B C, New Delhi | 375.00 | SI-6014 | 621.3822 MID | 11909 | 04/12/2019 | 24/02/2009 | Text Books | ||||||
| Dewey Decimal Classification | B.Tech(ECE) | PIET C-LIBRARY | PIET C-LIBRARY | 05/03/2009 | J B C, New Delhi | 375.00 | SI-6014 | 621.3822 MID | 11910 | 04/12/2019 | 24/02/2009 | Text Books | ||||||
| Dewey Decimal Classification | B.Tech(ECE) | PIET C-LIBRARY | PIET C-LIBRARY | 17/03/2009 | J B C, New Delhi | 375.00 | SI-6307 | 1 | 621.3822 MID | 12146 | 02/03/2020 | 13/03/2009 | Text Books | 17/02/2020 | ||||
| Dewey Decimal Classification | B.Tech(ECE) | PIET C-LIBRARY | PIET C-LIBRARY | 17/03/2009 | J B C, New Delhi | 375.00 | SI-6307 | 621.3822 MID | 12147 | 04/12/2019 | 13/03/2009 | Text Books |